00343 a2200109 4500001000900000005001700009008004100026245004100067100002300108773008500131999001700216ART_216620260410161723.0260409a 10aNo tengo problemas con los problemas1 aTorcida, Miguel A.0 tAdministración de empresasg- Año XIX, Nº 221/222 (ago./sep. 1988)wREV2036 c17139d17139